| 000 | 01121nam a22002417a 4500 | ||
|---|---|---|---|
| 005 | 20210325181354.0 | ||
| 008 | s2546 th tha d | ||
| 020 | _a9743261737 | ||
| 041 | _atha | ||
| 050 |
_aHD2346.T5 _bอ251จ 2546 |
||
| 100 | 0 | _aพิเชษฐ์ เกียรติเดชปัญญา | |
| 245 | 1 | 0 | _aการประยุกต์พระราชดำริเศรษฐกิจพอเพียงกับอุตสาหกรรมขนาดกลางและขนาดย่อม |
| 260 | 3 |
_aกรุงเทพฯ : _bสำนักงานกองทุนสนับสนุนการวิจัย, _c2546 |
|
| 300 |
_a339 หน้า : _b ตาราง ; _c 21 ซม. |
||
| 650 | 0 | 4 | _aธุรกิจขนาดย่อม |
| 650 | 0 | 4 | _aการพัฒนาเศรษฐกิจ |
| 650 | 0 | 4 | _aเศรษฐกิจพอเพียง |
| 700 | 0 | _aพิเชษฐ์ เกียรติเดชปัญญา | |
| 850 | _aNALT | ||
| 942 | _cGB | ||
| 997 | _c000000000011698 | ||
| 998 | _aSOPAPORN | ||
| 999 |
_c11698 _d11698 |
||